[Event "ICS Rated standard match"]
[Site "204.178.125.65"]
[Date "1999.11.15"]
[Round "?"]
[White "Moron"]
[Black "Hossa"]
[Result "1-0"]
[WhiteElo "2517"]
[BlackElo "2290"]
[Annotator "Hiarcs 7.32 (22s)"]
[PlyCount "39"]
[EventDate "1999.??.??"]

1. e4 1... e5 {Opening = 3.Ne5 d6 4.Nf3 Ne4 5.d4 d5 6.Bd3 Bd6} 2. Nf3 Nf6 3.
Nxe5 d6 4. Nf3 Nxe4 5. d4 5... d5 {
Weiss erhaelt starke Drohungen in der geoeffneten e-Linie} 6. Bd3 Bd6 7. O-O
O-O 8. c4 c6 9. Nc3 Nxc3 10. bxc3 dxc4 11. Bxc4 11... Qc7 $146 (11... Bf5 12.
Bg5 Qc7 13. Re1 Nd7 14. h3 h6 15. Be7 Rfe8 16. Bxf7+ Kxf7 17. Qb3+ Kg6 18. Nh4+
Kh7 19. Nxf5 Bxe7 20. Qf7 Bf6 21. Rxe8 Rxe8 22. Qxe8 Nb6 23. Re1 Nd5 24. c4 Nf4
25. Ne7 Bxe7 26. Qxe7 {1-0 Borocz,I-Szuliman,G/Szekszard op 1989/TD 89\11 (26)}
) (11... Bg4 12. h3 Bh5 13. a4 Nd7 14. Ba3 Nb6 15. Be2 Nd5 16. Qc1 Re8 17. Bd1
Bc7 18. Ne5 Bxd1 19. Rxd1 Qf6 20. g3 Bxe5 21. dxe5 Qxe5 22. Bb2 Qf5 23. Re1
Qxh3 24. c4 Ne7 25. Qe3 h5 26. Rad1 Nf5 27. Qf4 Qg4 28. Qxg4 hxg4 29. Rxe8+
Rxe8 30. Rd7 Re7 31. Rd8+ Kh7 32. a5 Kg6 33. Ba3 Re1+ 34. Kg2 Ra1 35. Bb4 Ra4
36. Bd2 Rxc4 37. Rb8 Rd4 38. Bf4 38... Rd7 {
0-1 Kaminski,U-Rabiega,R/Dresden op 1996/EXP 53 (38)}) (11... b5 12. Bd3 a5 13.
Qc2 f5 14. Re1 a4 15. Bg5 Qc7 16. Re2 b4 17. cxb4 Bxb4 18. Qc4+ {
1-0 Brauer,V-Rashidian,M/Wiesbaden op 1994/GER 11 (18)}) 12. Bd3 Re8 13. Re1 {
Weiss erhaelt entscheidenden Koenigsangriff} 13... Rxe1+ 14. Qxe1 Bd7 15. Ng5
$11 (15. Qe4 15... g6 $16) 15... Bxh2+ $2 $16 (15... h6 $5 $142 {
und Schwarz spielt mit} 16. Qe4 16... Kf8 $14) 16. Kh1 Bd6 17. Bc4 17... b5 $4
$18 {ein Fehler in schlechter Stellung} (17... h6 18. Nxf7 $1 {
logisch und kraftvoll} 18... b5 $18) 18. Bxf7+ Kf8 19. Bb3 {Droht Matt} 19...
Be5 20. Ba3+ (20. Ba3+ Ke8 21. dxe5 $18) 1-0

[Event "ICS Rated blitz match"]
[Site "204.178.125.65"]
[Date "1999.11.15"]
[Round "?"]
[White "Skeletor"]
[Black "Hossa"]
[Result "1-0"]
[WhiteElo "2706"]
[BlackElo "2346"]
[Annotator "Hiarcs 7.32 (22s)"]
[PlyCount "105"]
[EventDate "1999.??.??"]

1. e4 1... e5 {Opening = C42 - 2.Nf3 Nf6 3.---} 2. Nc3 Nf6 3. Nf3 Bb4 4. Bc4 d6
5. d3 O-O 6. O-O c6 (6... h6 7. Ne2 Ba5 8. c3 Nc6 9. Ng3 Bb6 10. Re1 a5 11. h3
Re8 12. Bb3 d5 13. exd5 Nxd5 14. d4 a4 15. Bxa4 exd4 16. Rxe8+ Qxe8 17. cxd4
Qd8 18. Bb3 Be6 19. a3 g5 20. Ne4 Qe7 21. Bc2 {
Martin Gonzalez,A-Mellado,J/ESP-ch 1993/TD 93\10/1-0 (42)}) (6... Bg4 7. Bg5 c6
8. h3 Be6 9. Bxe6 fxe6 10. Ne2 h6 11. Be3 Ba5 12. c3 Bc7 13. Qb3 Qc8 14. Ng3 d5
15. Rae1 Nbd7 16. Nd2 b6 17. d4 Qa6 18. Rd1 Rae8 19. dxe5 Nxe5 20. f4 Nd3 21.
e5 {Wendland,J-Haubt,G/BL2-O 1994/BL2/0-1 (39)}) 7. Bb3 $146 (7. Bg5 Nbd7 8.
Re1 Qc7 9. Qd2 Re8 10. a3 Ba5 11. b4 11... Bb6 {
1-0 Scheib,K-Kissel,H/RLPF-chS Herxheim 1993/GER 05 (11)}) 7... Bg4 8. Ne2 Re8
9. Ng5 d5 10. f3 Bc5+ 11. Kh1 Bh5 12. exd5 cxd5 13. Ng3 Be7 14. Nxh5 Nxh5 15.
Nh3 Nf6 16. f4 e4 17. dxe4 dxe4 18. Ng5 Rf8 19. Qe2 Nc6 20. Rd1 Qc8 21. Nxe4
Nxe4 22. Qxe4 Qg4 23. c3 Rad8 24. Rxd8 Rxd8 25. Be3 Qe2 26. Bc2 g6 27. f5 a6
28. Rc1 Bh4 29. fxg6 hxg6 30. Bb3 Qh5 31. Rf1 Bg3 32. Bg1 Ne5 33. Qxb7 Rf8 34.
Qxa6 Bh4 35. Bc5 Rd8 36. Bd4 Bg3 37. h3 Rf8 38. Qf6 Rb8 39. Rf3 Bh2 40. Re3 Qh7
41. Bxe5 Bxe5 42. Qxe5 Rb7 43. Qf6 Kf8 44. Rd3 Re7 45. Rd8+ Re8 46. Qd6+ Kg7
47. Rxe8 Kh6 48. Qf4+ Kg7 49. Qxf7+ Kh6 50. Qf4+ g5 51. Qf6+ Kh5 52. Bd1+ Kh4
53. Qf2# 1-0

[Event "ICS Rated blitz match"]
[Site "204.178.125.65"]
[Date "1999.11.15"]
[Round "?"]
[White "Hossa"]
[Black "Zippy"]
[Result "0-1"]
[WhiteElo "2342"]
[BlackElo "2240"]
[PlyCount "136"]
[EventDate "1999.??.??"]

1. e4 c5 2. c3 Nf6 3. e5 Nd5 4. d4 cxd4 5. cxd4 d6 6. Nf3 dxe5 7. dxe5 Nc6 8.
Bc4 e6 9. O-O Be7 10. Nc3 Nxc3 11. Qxd8+ Nxd8 12. bxc3 Bd7 13. Bd3 Rc8 14. c4
Ba4 15. Rb1 b6 16. Bg5 Bc5 17. Bf4 Nc6 18. Be4 O-O 19. Ng5 h6 20. Nf3 Na5 21.
Bd3 Rfd8 22. Be2 Ba3 23. Bc1 Be7 24. Bf4 Nxc4 25. Rfc1 b5 26. Kh1 a5 27. Re1
Ba3 28. Kg1 Rc5 29. Bd1 Bxd1 30. Rexd1 Rcd5 31. Rxd5 Rxd5 32. h4 Bb2 33. g4
Bxe5 34. Nxe5 Nxe5 35. Bxe5 Rxe5 36. Kf1 Rc5 37. a3 f5 38. g5 Kf7 39. Rd1 hxg5
40. hxg5 Kg6 41. Rd6 Re5 42. Rd7 f4 43. Ra7 a4 44. Kg2 Rxg5+ 45. Kf3 Rf5 46.
Kg4 Kf6 47. Ra8 Ke5 48. Rg8 g5 49. Rg6 Kd5 50. f3 b4 51. axb4 a3 52. Rg8 Kc4
53. Rb8 a2 54. Ra8 Kb3 55. Ra7 Kb2 56. Kh5 a1=Q 57. Rxa1 Kxa1 58. Kg4 Kb2 59.
Kh5 Rb5 60. Kg6 g4 61. fxg4 f3 62. Kf7 f2 63. Ke7 f1=Q 64. Kd6 Qf4+ 65. Kc6 Qe5
66. g5 Qd5+ 67. Kc7 Rb7+ 68. Kc8 68... Qd7# {Hossa checkmated} 0-1

[Event "ICS rated blitz match"]
[Site "204.178.125.65"]
[Date "1999.11.15"]
[Round "?"]
[White "Hossa"]
[Black "Skeletor"]
[Result "0-1"]
[WhiteElo "2321"]
[BlackElo "2710"]
[PlyCount "136"]
[EventDate "1999.??.??"]

1. e4 e5 2. Nc3 Nc6 3. f4 exf4 4. Nf3 g5 5. h3 d6 6. Bb5 Bg7 7. O-O h5 8. d4 a6
9. Bxc6+ bxc6 10. Ne1 g4 11. h4 f3 12. Bg5 f6 13. Bc1 fxg2 14. Nxg2 Ne7 15. Re1
Be6 16. Nf4 Bf7 17. Nce2 Ng6 18. Nxg6 Bxg6 19. d5 Qd7 20. Nd4 c5 21. Ne6 Rg8
22. Bd2 Bf7 23. Nxg7+ Rxg7 24. Bc3 Qe7 25. Rf1 Rg6 26. Qd3 Qd8 27. Rf5 Rg8 28.
Bxf6 Qb8 29. Rf4 Qb7 30. Raf1 Kd7 31. Bg5 Bg6 32. a3 Qxb2 33. Bf6 Qb7 34. c4
Rab8 35. Qc3 Qb3 36. e5 dxe5 37. Bxe5 Qxc3 38. Bxc3 Rb3 39. Bf6 Re8 40. Ra1 Re2
41. Rc1 Rg3+ 42. Kh1 Be4+ 43. Rxe4 Rxe4 44. Bb2 Re2 45. Bc3 Rh3+ 46. Kg1 Rxh4
47. Rf1 Rh3 48. Bg7 Rg3+ 49. Kh1 Rxa3 50. Rf7+ Kc8 51. Kg1 g3 52. Bf6 Raa2 53.
Bh4 Rg2+ 54. Kf1 Rh2 55. Rf8+ Kb7 56. Kg1 Ra1+ 57. Rf1 Rxf1+ 58. Kxf1 Rxh4 59.
Ke2 Rxc4 60. Kf3 h4 61. Kg2 Rc2+ 62. Kh3 Rh2+ 63. Kg4 g2 64. Kf5 g1=Q 65. d6
Rf2+ 66. Ke6 Kc6 67. Ke7 Qe1+ 68. Kd8 68... Rf8# {Hossa checkmated} 0-1

[Event "ICS Rated blitz match"]
[Site "204.178.125.65"]
[Date "1999.11.15"]
[Round "?"]
[White "Skeletor"]
[Black "Hossa"]
[Result "1-0"]
[WhiteElo "2713"]
[BlackElo "2318"]
[PlyCount "109"]
[EventDate "1999.??.??"]

1. d4 Nf6 2. Nf3 e6 3. Bg5 c5 4. e3 h6 5. Bh4 cxd4 6. exd4 b6 7. Bb5 Be7 8. O-O
O-O 9. Qe2 Nc6 10. Nc3 g5 11. Bg3 a6 12. Bxc6 dxc6 13. Be5 Bb7 14. Rfe1 Bb4 15.
Rad1 Nd5 16. Nxd5 Qxd5 17. c3 Be7 18. c4 Qa5 19. a3 Qa4 20. Rc1 c5 21. dxc5
bxc5 22. Bc3 Bd6 23. Ne5 Rfd8 24. Nxf7 Qc6 25. Nxh6+ Kf8 26. Qg4 Bf4 27. Rxe6
Qxg2+ 28. Qxg2 Bxg2 29. Rce1 Rd6 30. Kxg2 Rxe6 31. Rxe6 Bc1 32. Rc6 Rb8 33.
Rxc5 Ke7 34. Bb4 Kd7 35. Rd5+ Kc6 36. b3 Bf4 37. Nf7 Rg8 38. Nd8+ Kc7 39. Ne6+
Kc6 40. Ba5 Kb7 41. Nc5+ Kc8 42. Nxa6 Rh8 43. h3 Kb7 44. Nc5+ Kc8 45. Rd7 Bb8
46. b4 g4 47. hxg4 Rg8 48. b5 Rxg4+ 49. Kf1 Rd4 50. Rxd4 Bc7 51. Bxc7 Kxc7 52.
Rd7+ Kb8 53. b6 Kc8 54. Rd6 Kb8 55. Rd8# {Hossa checkmated} 1-0

[Event "ICS Rated blitz match"]
[Site "204.178.125.65"]
[Date "1999.11.15"]
[Round "?"]
[White "Hossa"]
[Black "Skeletor"]
[Result "1/2-1/2"]
[WhiteElo "2315"]
[BlackElo "2716"]
[PlyCount "111"]
[EventDate "1999.??.??"]

1. e4 c5 2. c3 d5 3. exd5 Qxd5 4. d4 Nf6 5. Nf3 Nc6 6. Be3 cxd4 7. cxd4 e6 8.
Nc3 Qd6 9. Bd3 Be7 10. O-O O-O 11. Nb5 Qd7 12. Ne5 Nxe5 13. dxe5 Nd5 14. Qf3 a6
15. Nd4 Rd8 16. Qe4 g6 17. Rad1 Nxe3 18. fxe3 Bf8 19. Rd2 Bh6 20. Bc2 Qc7 21.
Rdf2 Rf8 22. Bb3 Bg7 23. Nf3 Bd7 24. Ng5 Bb5 25. Rxf7 Rxf7 26. Rxf7 Qc1+ 27.
Kf2 Qxb2+ 28. Kf3 Bc6 29. Rxg7+ Kxg7 30. Nxe6+ Kh8 31. Bd5 Re8 32. Nd4 Rf8+ 33.
Kg4 Bxd5 34. Qxd5 Qd2 35. Qe4 b5 36. a3 Qa2 37. e6 Kg8 38. e7 Re8 39. Nc6 Qb3
40. Kg5 Qc4 41. Qxc4+ bxc4 42. Kf6 c3 43. Nd4 g5 44. g4 h6 45. Ke6 Kg7 46. e4
a5 47. a4 Kg6 48. e5 Ra8 49. h3 Kg7 50. Kd7 Ra7+ 51. Ke8 Ra8+ 52. Kd7 Ra7+ 53.
Ke8 Rb7 54. Kd8 Rb8+ 55. Kc7 Ra8 56. Kd7 {Game drawn by repetition} 1/2-1/2

[Event "ICS Rated blitz match"]
[Site "204.178.125.65"]
[Date "1999.11.15"]
[Round "?"]
[White "miitrei"]
[Black "Hossa"]
[Result "0-1"]
[WhiteElo "2178"]
[BlackElo "2328"]
[PlyCount "36"]
[EventDate "1999.??.??"]

1. d4 d5 2. c4 e6 3. Nf3 Nf6 4. cxd5 exd5 5. Qc2 Nbd7 6. Bg5 c5 7. dxc5 Bxc5 8.
e3 O-O 9. Be2 Qa5+ 10. Nbd2 Ne4 11. Bf4 Bb4 12. a3 Ndf6 13. Bd3 Bg4 14. Rd1
Bxd2+ 15. Nxd2 Rac8 16. Qb1 Bxd1 17. Qxd1 Nxd2 18. Qxd2 18... Rc1+ {
miitrei resigns} 0-1

[Event "ICS rated blitz match"]
[Site "204.178.125.65"]
[Date "1999.11.15"]
[Round "?"]
[White "Hossa"]
[Black "Skeletor"]
[Result "0-1"]
[WhiteElo "2337"]
[BlackElo "2705"]
[PlyCount "106"]
[EventDate "1999.??.??"]

1. e4 c5 2. c3 d5 3. exd5 Qxd5 4. d4 e6 5. Nf3 Nf6 6. Bd3 Be7 7. O-O O-O 8. c4
Qd7 9. dxc5 Rd8 10. Ne5 Qd4 11. Qe2 Nbd7 12. Nxd7 Bxd7 13. Be3 Qe5 14. Nc3 Bxc5
15. Bxc5 Qxc5 16. Ne4 Nxe4 17. Qxe4 f5 18. Qf3 Qd4 19. Rfd1 Qxb2 20. Rab1 Qxa2
21. Rxb7 Qa4 22. Bc2 Qxc2 23. Rbxd7 Rf8 24. Qa3 Qxc4 25. Qe7 Qg4 26. Qxe6+ Kh8
27. Re1 a5 28. Qe7 Qg6 29. Red1 Rfe8 30. Rd8 Qc6 31. h3 a4 32. Rxa8 Qxa8 33.
Qd7 Qe4 34. Rd4 Qb1+ 35. Kh2 Qb8+ 36. g3 a3 37. Ra4 Re2 38. Kg2 f4 39. Qc6 Re8
40. Rxa3 fxg3 41. Rb3 Qxb3 42. Qxe8+ Qg8 43. Qxg8+ Kxg8 44. fxg3 Kf7 45. Kf3 g6
46. h4 h6 47. g4 Kf6 48. Ke4 g5 49. h5 Ke6 50. Kd4 Kd6 51. Kd3 Kd5 52. Ke3 Ke5
53. Kf3 53... Kd4 {Hossa resigns} 0-1

[Event "ICS Rated blitz match"]
[Site "204.178.125.65"]
[Date "1999.11.15"]
[Round "?"]
[White "SharpShooter"]
[Black "Hossa"]
[Result "1-0"]
[WhiteElo "2626"]
[BlackElo "2334"]
[PlyCount "37"]
[EventDate "1999.??.??"]

1. e4 c5 2. Nc3 Nc6 3. f4 g6 4. Nf3 Bg7 5. Bc4 Na5 6. Be2 d6 7. d4 cxd4 8. Nxd4
Nc6 9. Be3 Nxd4 10. Bxd4 Nf6 11. g4 O-O 12. f5 e5 13. Be3 gxf5 14. gxf5 a5 15.
Rg1 a4 16. Qd3 a3 17. Bh6 Ne8 18. Qg3 axb2 19. Rb1 {Hossa resigns} 1-0

[Event "ICS Rated blitz match"]
[Site "204.178.125.65"]
[Date "1999.11.15"]
[Round "?"]
[White "Hossa"]
[Black "JackBach"]
[Result "1-0"]
[WhiteElo "2329"]
[BlackElo "1436"]
[PlyCount "61"]
[EventDate "1999.??.??"]

1. d4 d5 2. c4 dxc4 3. Nf3 a6 4. e4 b5 5. a4 Bb7 6. Be2 Bxe4 7. Nc3 Bg6 8. axb5
e6 9. bxa6 Nxa6 10. Qa4+ Ke7 11. Qxc4 c5 12. Rxa6 Rxa6 13. Qxa6 cxd4 14. Qa7+
Qd7 15. Qxd4 Qd6 16. Qxd6+ Kxd6 17. b4 Ne7 18. Bf4+ Kc6 19. Ne5+ Kb6 20. Nd7+
Kc6 21. Bb5+ Kb7 22. Bd6 Nd5 23. Bxf8 Nxc3 24. Nc5+ Kb8 25. Bxg7 Nxb5 26. Bxh8
Kc8 27. Kd2 Bf5 28. Ra1 Kb8 29. Be5+ Nd6 30. Bxd6+ Kc8 31. Ra8# {
JackBach checkmated} 1-0

[Event "ICS Rated blitz match"]
[Site "204.178.125.65"]
[Date "1999.11.15"]
[Round "?"]
[White "Hossa"]
[Black "Skeletor"]
[Result "0-1"]
[WhiteElo "2329"]
[BlackElo "2691"]
[PlyCount "60"]
[EventDate "1999.??.??"]

1. d4 Nf6 2. Nf3 g6 3. g3 Bg7 4. Bg2 O-O 5. O-O d6 6. Nc3 Nbd7 7. Bf4 Qe8 8.
Qc1 e5 9. Nb5 Nd5 10. Bh6 Bxh6 11. Qxh6 N7f6 12. c4 a6 13. Nxd6 cxd6 14. cxd5
Nxd5 15. dxe5 dxe5 16. Ng5 Nf6 17. Rfd1 Qb5 18. Rd2 Bg4 19. Bf1 Rfd8 20. Rc2
Rac8 21. e3 Qb4 22. Rac1 Rxc2 23. Rxc2 Qe1 24. f4 Qxe3+ 25. Kg2 exf4 26. gxf4
Rd2+ 27. Rxd2 Qxd2+ 28. Kg1 Qd4+ 29. Kg2 Qxf4 30. Kg1 30... Bf3 {Hossa resigns}
0-1

[Event "ICS Rated blitz match"]
[Site "204.178.125.65"]
[Date "1999.11.15"]
[Round "?"]
[White "Skeletor"]
[Black "Hossa"]
[Result "1-0"]
[WhiteElo "2695"]
[BlackElo "2325"]
[PlyCount "153"]
[EventDate "1999.??.??"]

1. e4 c5 2. Nf3 d6 3. d4 cxd4 4. Nxd4 Nf6 5. Nc3 g6 6. Be3 Bg7 7. f3 O-O 8. Bc4
Qc7 9. Qe2 Nc6 10. Nxc6 bxc6 11. O-O Rb8 12. Bb3 d5 13. exd5 cxd5 14. Rab1 Qa5
15. Qf2 a6 16. Bc5 Rb7 17. Bxd5 Nxd5 18. Nxd5 Re8 19. a3 Be6 20. Nb4 Rc8 21.
Bd4 Bc4 22. Rfd1 e5 23. Be3 f6 24. Ra1 Be6 25. Rd6 Rxb4 26. Bd2 Bf8 27. Bxb4
Bxd6 28. Bxd6 Qd5 29. Bb4 a5 30. Bc3 Bf5 31. Rc1 Rf8 32. b4 Rc8 33. Be1 Qa2 34.
bxa5 Rxc2 35. Rxc2 Qxc2 36. Qxc2 Bxc2 37. a6 Ba4 38. Kf2 f5 39. Bc3 e4 40. fxe4
fxe4 41. Ke3 Bc6 42. a7 Kf7 43. a4 Ke6 44. a5 Kd5 45. Bd4 Kc4 46. g4 h5 47. g5
Ba8 48. Bb6 Kd5 49. Kf4 Bc6 50. h3 Ba8 51. a6 Kc6 52. Bf2 Kd5 53. Be3 Kc4 54.
Bb6 Kb5 55. Bg1 Kxa6 56. Ke5 h4 57. Kd6 Kb5 58. Kc7 Kc4 59. Kb8 Bc6 60. Bf2 Kc3
61. Bxh4 e3 62. Bg3 e2 63. h4 Kd2 64. h5 gxh5 65. g6 h4 66. Bxh4 Kd1 67. Kc7
Be4 68. g7 Bd5 69. Kd6 Be4 70. g8=Q Kd2 71. Ke5 Bc6 72. Qa2+ Ke3 73. Qa3+ Kd2
74. Qb2+ Kd3 75. Be1 Kc4 76. Qb4+ Kd3 77. Qc3# {Hossa checkmated} 1-0

[Event "ICS Unrated blitz match"]
[Site "204.178.125.65"]
[Date "1999.11.15"]
[Round "?"]
[White "Hossa"]
[Black "Diepeveen"]
[Result "1/2-1/2"]
[WhiteElo "2322"]
[BlackElo "2395"]
[Annotator "Hiarcs 7.32 (22s)"]
[PlyCount "123"]
[EventDate "1999.??.??"]

1. e4 1... c5 {Opening = B89 - 7.Be3} 2. Nf3 Nc6 3. d4 cxd4 4. Nxd4 Nf6 5. Nc3
d6 6. Bc4 e6 7. Be3 a6 8. Bb3 Bd7 9. O-O Be7 10. f4 O-O 11. e5 $15 {
Weiss engt den Gegner ein} (11. f5 Nxd4 (11... e5 12. Nde2 Rc8 13. Ng3 Na5 14.
Nh5 Nxh5 15. Qxh5 Nc4 16. Bxc4 Rxc4 17. Rf3 g6 18. Rg3 Kh8 19. Qe2 b5 20. Rf1
gxf5 21. exf5 Bh4 22. Rh3 Rg8 23. g3 Rcg4 24. Rf2 Bc6 25. Kf1 b4 26. Qxa6 bxc3
27. bxc3 Bd5 28. Rxh4 Bc4+ 29. Qxc4 Rxc4 30. Rxc4 Qa8 31. Rc7 Rb8 32. f6 h6 33.
Rxf7 Qd5 34. Re7 Rb1+ 35. Bc1 Rxc1+ 36. Ke2 Rxc2+ 37. Kf1 {
0-1 Kalod,R-Wu Wenjin/Medellin 1996 (37)}) 12. Bxd4 (12. Qxd4 Ng4 13. fxe6 Bxe6
14. Nd5 Bxd5 15. Bxd5 Bf6 16. Qd2 Rc8 17. c3 Be5 18. h3 18... Nxe3 {
1/2-1/2 Mueller,K-Schlosser,P/Berlin Lasker 1989/EXT 89 (18)}) 12... exf5 13.
exf5 Qa5 (13... Bc6 14. Qe1 b5 15. Qg3 Rc8 16. Rae1 b4 17. Na4 Bb5 18. Rf4 Nh5
19. Qg4 Nf6 20. Qh3 d5 21. Nb6 Rc6 22. Nxd5 Nxd5 23. Bxd5 Qxd5 24. Rxe7 Rxc2
25. Qg4 Rc1+ 26. Kf2 Rc2+ 27. Kg1 Rc1+ 28. Kf2 28... Rc2+ {
1/2-1/2 Moutousis,K-Greenfeld,A/Novi Sad olm 1990/TD 90\06 (28)}) 14. Qd3 Bc6
15. Rae1 Rae8 16. Kh1 Bd8 17. Qg3 Rxe1 18. Qxe1 Re8 19. Qg3 Nh5 20. Qg4 Nf6 21.
Qg3 Nh5 22. Qg4 Nf6 23. Qd1 Rf8 24. Qd3 Re8 25. Qd1 25... Nd7 {
Lendwai,R-Brunner,L/Graz 1991/EXP 22/0-1 (36)}) (11. Qf3 $5 $14 {
steht zur Diskussion}) 11... dxe5 12. Nxc6 Bxc6 13. fxe5 13... Ne4 $11 (13...
Qxd1 $5 {kam sehr in Betracht} 14. Raxd1 14... Ng4 $15) 14. Nxe4 Bxe4 15. Qg4
Bf5 16. Qf4 Qc7 17. Rad1 Rad8 18. c3 {Befestigt b4} 18... Rxd1 19. Rxd1 Rd8 20.
Rxd8+ Qxd8 21. Bd4 Qc7 22. Qf3 h6 23. g4 Bg6 24. c4 Bc5 25. Qe3 25... Bxd4 {
Mit der Mattdrohung Bxe3} 26. Qxd4 Qc6 27. a3 Qf3 28. Bd1 28... Qe4 {
Droht Matt: Qxd4} 29. Qxe4 Bxe4 30. Kf2 30... Kf8 $14 (30... f5 31. exf6 gxf6
32. Bf3 Bxf3 33. Kxf3 $11) 31. Ke3 Bc6 32. b4 Ke7 33. Kd4 $11 (33. Bc2 33... g6
$14) 33... Kd7 $14 (33... f5 $5 $11 {muss geprueft werden}) 34. a4 Kc7 35. b5
axb5 36. axb5 Bg2 37. h4 f6 38. c5 b6 39. exf6 gxf6 40. Be2 Bd5 41. c6 Kd6 42.
Ke3 Ba2 43. Kf4 Bd5 44. Bd3 Bb3 45. h5 Bd5 46. Be2 Bb3 47. Bf1 Bd5 48. Bd3 Bb3
49. Be2 Bd5 50. Ke3 Bb3 51. Kd4 Bd5 52. Kc3 Ba2 53. Bc4 Bxc4 54. Kxc4 Kc7 55.
Kd4 Kd6 56. Ke4 Ke7 57. Kf3 Kd6 58. Ke3 Ke7 59. Ke4 Kd6 60. Kf3 Ke7 61. Kf4 Kd6
62. Kg3 $1 {haelt den Vorteil fest} 1/2-1/2

[Event "ICS Rated blitz match"]
[Site "204.178.125.65"]
[Date "1999.11.15"]
[Round "?"]
[White "Hossa"]
[Black "Skeletor"]
[Result "0-1"]
[WhiteElo "2322"]
[BlackElo "2698"]
[Annotator "Hiarcs 7.32 (22s)"]
[PlyCount "88"]
[EventDate "1999.??.??"]

1. e4 1... c5 {Opening = B76 - 7.f3 0-0(8.Qd2 Nc6 9.---)} 2. Nf3 d6 3. d4 cxd4
4. Nxd4 Nf6 5. Nc3 g6 6. Be3 Bg7 7. f3 O-O 8. Bc4 Nc6 9. Bb3 Bd7 10. Nxc6 $146
(10. Qe2 Qa5 11. O-O-O Rac8 12. Kb1 a6 13. g4 Ne5 14. Nd5 Nxd5 15. exd5 b5 16.
h4 Nc4 17. h5 Nxe3 18. Qxe3 Qb6 19. hxg6 hxg6 20. Qf4 a5 21. Qh2 Rfd8 22. c3 a4
23. Ne6 Bxe6 24. dxe6 24... axb3 {
Krakops,M-Vescovi,G/WchJM-U16 Bratislava 1993/TD 93\05/0-1 (44)}) (10. Nde2 Rb8
(10... Na5 11. Qd3 Nxb3 12. axb3 Qc7 13. g4 Bc6 14. Nf4 e6 15. O-O-O Qa5 16.
Kb1 Rfd8 17. Qe2 Qc7 18. g5 Nd7 19. h4 a5 20. Bd4 Ne5 21. h5 b5 22. hxg6 hxg6
23. Qh2 b4 24. Nd3 Rd7 25. f4 {
Krakops,M-Lepelletier,B/WchJM-U16 Bratislava 1993/TD 93\05/1-0 (37)}) 11. O-O
b5 12. Nf4 a5 13. a4 b4 14. Nb5 Ne5 15. Qe2 Qe8 16. Nc7 Qd8 17. Nb5 Qc8 18. Nd4
Nc6 19. Nxc6 Bxc6 20. Nd3 Nd7 21. Bg5 Re8 22. f4 e6 23. Rae1 Qb7 24. e5 24...
Bd5 {Bologan,V-Georgiev,K/Debrecen 1992/EU-chT/[Blatny,P]/0-1 (48)}) 10... Bxc6
{Schwarz erhaelt starke Initiative} 11. Qd2 a5 12. Bh6 $15 (12. O-O $5 $14 $142
{bedarf naeherer Analyse}) 12... Bxh6 13. Qxh6 a4 14. Bc4 Qb6 15. O-O-O $17 (
15. b3 $5 $15 {muss unbedingt geprueft werden}) 15... Qc5 16. Nd5 $2 $19 (16.
Bd5 $5 $142 16... a3 17. Bb3 $17) 16... Qxc4 17. Nxe7+ Kh8 18. Qg5 {Droht Matt}
18... Ng8 19. a3 $6 {kann die Stellungsprobleme nicht loesen} (19. Nxc6 bxc6
20. Kb1 $19) 19... Qa2 20. Nxg8 Kxg8 21. Qf6 (21. c3 {nuetzt auch nichts mehr}
21... f5 22. exf5 22... Rxf5 $19) 21... d5 22. exd5 Bxd5 23. Rhe1 (23. Kd2 {
hilft auch nicht mehr} 23... Rac8 $19) 23... Rac8 $1 {das wars} 24. Kd2 Qc4 25.
c3 (25. Qc3 {aendert nichts am Ausgang der Partie} 25... Qf4+ 26. Qe3 26... Qf5
$19) 25... Qa2 (25... Qb3 $5 {und Schwarz haette es noch leichter} 26. Rb1 $19)
26. Rb1 (26. c4 {holt die Kuh nicht vom Eis} 26... Qxc4 27. Rc1 27... Qb3 $19)
26... Rfe8 27. Rg1 (27. Qb6 {haette noch versucht werden koennen} 27... Rxe1
28. Rxe1 $19) 27... Bc4 {Es droht Matt} 28. Rgd1 Rcd8+ 29. Qxd8 Rxd8+ 30. Ke3
30... Rxd1 {Es droht Matt} 31. Rxd1 Qxb2 32. Kf4 Qxg2 33. Rd8+ Kg7 34. h4 34...
Qh2+ $1 {ein unangenehmes Schach} 35. Ke3 35... Qxh4 $1 {
glaenzend gespielt. Droht Matt} 36. Ra8 Qh6+ 37. f4 Qh3+ 38. Kf2 38... Qf1+ $1
{ein laestiges Schach} 39. Kg3 (39. Ke3 {
kann das Vorangegangene nicht ungeschehen machen} 39... Qe2+ $1 {
ein unangenehmes Schach} 40. Kd4 b6 41. Rg8+ Kxg8 42. f5 f6 43. fxg6 Qd3#)
39... Qe1+ $1 {ein boeses Schach} 40. Kh3 (40. Kg2 {
aendert den traurigen Lauf der Dinge nicht} 40... Bd5+ 41. Kh3 Qh1+ 42. Kg3
Qf3+ 43. Kh4 Qf2+ 44. Kh3 Be6+ 45. f5 Bxf5#) 40... Bf1+ 41. Kg4 h5+ 42. Kf3
Qe2+ 43. Kg3 Qg2+ 44. Kh4 Qg4# 0-1